Cultivos marinos en la provincia de Cádiz / (Record no. 82865)

MARC details
000 -LEADER
campo de control de longitud fija 01169nam a2200217 i 4500
001 - NÚMERO DE CONTROL
campo de control 82865
003 - IDENTIFICADOR DE NÚMERO DE CONTROL
campo de control ES-MaACL
005 - FECHA Y HORA DE LA ÚLTIMA TRANSACCIÓN
campo de control 20230906174738.0
007 - CAMPO FIJO DE DESCRIPCIÓN FÍSICA--INFORMACIÓN GENERAL
campo de control de longitud fija t|
008 - DATOS DE LONGITUD FIJA--INFORMACIÓN GENERAL
campo de control de longitud fija 041112s1978 sp ||||1| spa d
110 2# - ENTRADA PRINCIPAL--NOMBRE DE ENTIDAD CORPORATIVA
Nombre de entidad corporativa o nombre de jurisdicción como elemento de entrada Instituto de Investigaciones Pesqueras (Cádiz) (
Sede del congreso/Lugar de la reunión Madrid)
9 (RLIN) 4974
245 10 - MENCIÓN DEL TÍTULO
Título Cultivos marinos en la provincia de Cádiz /
Mención de responsabilidad, etc. Instituto de Investigaciones Pesqueras de Cádiz.
260 ## - PUBLICACIÓN, DISTRIBUCIÓN, ETC.
Lugar de publicación, distribución, etc. [Madrid :
Nombre del editor, distribuidor, etc. Moneda y Crédito,
Fecha de publicación, distribución, etc. 1978]
300 ## - DESCRIPCIÓN FÍSICA
Extensión 110 p., 8 lám. :
Otras características físicas il. ;
Dimensiones 26 cm.
505 8# - NOTA DE CONTENIDO CON FORMATO
Nota de contenido con formato Contiene: Consideraciones sobre la biología y posibilidades de cultivo de langostino "penaeus kerathurus" del Golfo de Cádiz. / por Antonio Rodríguez Martín. -- Estado actual y perspectivas de la explotación piscícola en las salinas de Cádiz. / por Alberto M. Arias García
700 1# - ENTRADA AGREGADA--NOMBRE PERSONAL
Nombre de persona Rodríguez Martín, Antonio.
9 (RLIN) 98641
700 1# - ENTRADA AGREGADA--NOMBRE PERSONAL
Nombre de persona Arias García, Alberto M.
9 (RLIN) 22782
740 0# - ENTRADA AGREGADA--TÍTULO RELACIONADO/ANALÍTICO NO CONTROLADO
Título relacionado o analítico no controlado Consideraciones sobre la biología y posibilidades del cultivo del langostino "penaeus kerathurus" del Golfo de Cádiz.
740 0# - ENTRADA AGREGADA--TÍTULO RELACIONADO/ANALÍTICO NO CONTROLADO
Título relacionado o analítico no controlado Estado actual y perspectivas de la explotación piscícola en las salinas de Cádiz.
852 ## - LOCALIZACIÓN
Ubicación ES-MaACL
Número de control de estantería A-8391
Sublocalización o colección R.98012
Holdings
Estatus retirado Estado de pérdida Estado de daño No para préstamo Biblioteca de origen Biblioteca actual Ubicación en estantería Fecha de adquisición Fuente de adquisición Total de préstamos Signatura topográfica completa Código de barras Visto por última vez Precio de reemplazo Tipo de ítem Koha
        Biblioteca del Ateneo de Madrid Biblioteca del Ateneo de Madrid Sala Pecera Planta 1 17/01/2008     A-8391 1086598 23/02/2023 23/02/2023 Libro impreso